[Event "Swiss Queens Wed #6"]
[Site "FIDE Online Arena INT"]
[Date "2024.03.06"]
[Round "5"]
[White "Gomez Barrera, Javiera Belen"]
[Black "Mikhaylova, Irina"]
[Result "1-0"]
[WhiteElo "2217"]
[BlackElo "2169"]
[PlyCount "71"]
[EventDate "2024.03.06"]
[EventType "swiss (blitz)"]
[EventRounds "11"]
[EventCountry "NET"]
[SourceTitle "CB11_2024"]
[SourceDate "2024.03.13"]
[SourceVersion "1"]
[SourceVersionDate "2024.03.13"]
[SourceQuality "1"]

1. e4 c5 2. Nf3 Nc6 3. d4 cxd4 4. Nxd4 e5 5. Nb5 d6 6. N1c3 a6 7. Na3 b5 8. Nd5 Nge7 9. c4 Nd4 10. Bd3 Nxd5 11. exd5 b4 12. Nc2 Nxc2+ 13. Qxc2 a5 14. 0-0 g6 15. f4 exf4 16. Bxf4 Be7 17. Bh6 f6 18. Rae1 Kf7 19. Re3 Bf8 20. Bg5 Bg7 21. Ref3 Rf8 22. Bxf6 Bxf6 23. Rxf6+ Qxf6 24. Rxf6+ Kxf6 25. Qf2+ Ke7 26. Qe3+ Kd8 27. Qg5+ Kd7 28. c5 dxc5 29. Bb5+ Kd6 30. Qg3+ Kxd5 31. Qd3+ Ke5 32. Qe3+ Kd5 33. Bc6+ Kd6 34. Bxa8 Bf5 35. Bf3 Kc7 36. Qe7+ 1-0

[Event "Swiss Queens Wed #5"]
[Site "FIDE Online Arena INT"]
[Date "2024.02.28"]
[Round "8"]
[White "Aditi, Arun"]
[Black "Gomez Barrera, Javiera Belen"]
[Result "0-1"]
[WhiteElo "1337"]
[BlackElo "2217"]
[PlyCount "52"]
[EventDate "2024.02.28"]
[EventType "swiss (blitz)"]
[EventRounds "11"]
[EventCountry "NET"]
[SourceTitle "CB10_2024"]
[SourceDate "2024.03.06"]
[SourceVersion "1"]
[SourceVersionDate "2024.03.06"]
[SourceQuality "1"]

1. e4 e5 2. Bc4 Nf6 3. d3 c6 4. Nf3 d5 5. Bb3 a5 6. a4 Bd6 7. exd5 cxd5 8. 0-0 0-0 9. Nc3 Be6 10. Re1 Nc6 11. Bg5 Bb4 12. Rf1 Be7 13. Re1 h6 14. Bh4 Bb4 15. Re2 Bg4 16. Bxf6 Qxf6 17. Nxd5 Qd6 18. c3 Bc5 19. Re1 Kh8 20. h3 Bh5 21. g4 Bg6 22. Nh4 Bh7 23. Re2 e4 24. dxe4 Qg3+ 25. Kh1 Qxh3+ 26. Kg1 Qxh4 0-1

[Event "Swiss Queens Wed #5"]
[Site "FIDE Online Arena INT"]
[Date "2024.02.28"]
[Round "5"]
[White "Bulatova, Kamaliya"]
[Black "Gomez Barrera, Javiera Belen"]
[Result "0-1"]
[WhiteElo "2091"]
[BlackElo "2217"]
[PlyCount "88"]
[EventDate "2024.02.28"]
[EventType "swiss (blitz)"]
[EventRounds "11"]
[EventCountry "NET"]
[SourceTitle "CB10_2024"]
[SourceDate "2024.03.06"]
[SourceVersion "1"]
[SourceVersionDate "2024.03.06"]
[SourceQuality "1"]

1. d4 Nf6 2. Nc3 d5 3. Bf4 a6 4. e3 h6 5. f3 c5 6. dxc5 Qa5 7. Qd2 Nc6 8. Bg3 e5 9. 0-0-0 Be6 10. a3 Bxc5 11. Kb1 0-0 12. Bh4 g5 13. Bf2 d4 14. exd4 Bxd4 15. Ne4 Nxe4 16. Qxa5 Nxa5 17. Bxd4 exd4 18. fxe4 f5 19. Bd3 f4 20. Nf3 Rfd8 21. h3 Rac8 22. g3 fxg3 23. Rdg1 Kh8 24. Rxg3 Nc6 25. Rgg1 Rf8 26. Rg3 Rf4 27. Rhg1 Rcf8 28. Nxg5 hxg5 29. Rxg5 Rh4 30. e5 Rxh3 31. Rg6 Bf5 32. Bxf5 Rxf5 33. Rg8+ Kh7 34. R1g7+ Kh6 35. Rxb7 Re3 36. Rh8+ Kg5 37. Rg8+ Kf4 38. Rg6 Nxe5 39. Rxa6 Ke4 40. Ra4 Re1+ 41. Ka2 Rf2 42. Rbb4 Rd1 43. c3 Nd3 44. Rxd4+ Ke3 0-1

[Event "Swiss Queens Wed #5"]
[Site "FIDE Online Arena INT"]
[Date "2024.02.28"]
[Round "7"]
[White "Travkina, Anastasia"]
[Black "Gomez Barrera, Javiera Belen"]
[Result "1-0"]
[WhiteElo "2202"]
[BlackElo "2217"]
[PlyCount "47"]
[EventDate "2024.02.28"]
[EventType "swiss (blitz)"]
[EventRounds "11"]
[EventCountry "NET"]
[SourceTitle "CB10_2024"]
[SourceDate "2024.03.06"]
[SourceVersion "1"]
[SourceVersionDate "2024.03.06"]
[SourceQuality "1"]

1. e4 e5 2. Nf3 Nc6 3. Bc4 Bc5 4. b4 Bxb4 5. c3 Be7 6. d4 Na5 7. Be2 d6 8. Qa4+ c6 9. dxe5 dxe5 10. Nxe5 Nf6 11. Nd2 0-0 12. 0-0 Qc7 13. f4 Bd6 14. Ndf3 b5 15. Qc2 Bb7 16. a4 a6 17. c4 bxc4 18. Nxc4 Nxc4 19. Bxc4 Ng4 20. Ba2 Bxf4 21. Ba3 Ne3 22. Qc3 Nxf1 23. Bxf8 Nxh2 24. Qxg7# 1-0

[Event "Swiss Queens Wed #4"]
[Site "FIDE Online Arena INT"]
[Date "2024.02.21"]
[Round "2"]
[White "Babiy, Olga"]
[Black "Gomez Barrera, Javiera Belen"]
[Result "1-0"]
[WhiteElo "2303"]
[BlackElo "2217"]
[PlyCount "65"]
[EventDate "2024.02.21"]
[EventType "swiss (blitz)"]
[EventRounds "11"]
[EventCountry "NET"]
[SourceTitle "CB09_2024"]
[SourceDate "2024.02.28"]
[SourceVersion "1"]
[SourceVersionDate "2024.02.28"]
[SourceQuality "1"]

1. d4 Nf6 2. Nf3 g6 3. Nbd2 d5 4. b4 Bg7 5. e3 a5 6. b5 c5 7. bxc6 Nxc6 8. a4 Bf5 9. Ba3 0-0 10. c3 Re8 11. Bb5 Nd7 12. Qb3 e5 13. 0-0 e4 14. Ne1 Be6 15. c4 Nf6 16. cxd5 Nxd5 17. Bc4 f5 18. Qxb7 Ncb4 19. Bxd5 Bxd5 20. Qb5 Bf8 21. Qe2 Bd6 22. Nc4 Bc7 23. Nc2 Qf6 24. Nxb4 axb4 25. Bxb4 Qa6 26. Rfc1 Rec8 27. Bc5 Qc6 28. a5 Qf6 29. Nb6 Bxb6 30. axb6 Rxa1 31. Rxa1 Qc6 32. h3 Rb8 33. Ra7 1-0

[Event "Swiss Queens Wed #3"]
[Site "FIDE Online Arena INT"]
[Date "2024.02.14"]
[Round "4"]
[White "Gomez Barrera, Javiera Belen"]
[Black "Zaksaite, Salomeja"]
[Result "1-0"]
[WhiteElo "2217"]
[BlackElo "2212"]
[PlyCount "87"]
[EventDate "2024.02.14"]
[EventType "swiss (blitz)"]
[EventRounds "11"]
[EventCountry "NET"]
[SourceTitle "CB08_2024"]
[SourceDate "2024.02.21"]
[SourceVersion "1"]
[SourceVersionDate "2024.02.21"]
[SourceQuality "1"]

1. e4 c5 2. Nf3 e6 3. d4 cxd4 4. Nxd4 Nf6 5. Nc3 Nc6 6. Ndb5 d6 7. Bf4 e5 8. Bg5 a6 9. Na3 b5 10. Nd5 Be7 11. Bxf6 Bxf6 12. c3 0-0 13. Nc2 Rb8 14. a4 bxa4 15. Ncb4 Nxb4 16. cxb4 Bg5 17. Rxa4 a5 18. b5 f5 19. Bc4 Be6 20. exf5 Rxf5 21. 0-0 Kh8 22. b3 e4 23. Qd4 Bxd5 24. Bxd5 e3 25. f4 Rxb5 26. Bc4 Bf6 27. Qxe3 Rb4 28. Re1 h6 29. Qe8+ Qxe8 30. Rxe8+ Kh7 31. Bd3 Bd4+ 32. Kf1 g6 33. Bxf5 gxf5 34. Rxb4 axb4 35. Re6 Bc5 36. Ke2 Kg7 37. Kd3 h5 38. Kc4 h4 39. Kd5 Bg1 40. h3 Bh2 41. Rxd6 Bxf4 42. Rb6 Bd2 43. Ke6 f4 44. Kf5 1-0

[Event "Swiss Queens Wed #3"]
[Site "FIDE Online Arena INT"]
[Date "2024.02.14"]
[Round "5"]
[White "Priyanka, Nutakki"]
[Black "Gomez Barrera, Javiera Belen"]
[Result "1-0"]
[WhiteElo "2272"]
[BlackElo "2217"]
[PlyCount "89"]
[EventDate "2024.02.14"]
[EventType "swiss (blitz)"]
[EventRounds "11"]
[EventCountry "NET"]
[SourceTitle "CB08_2024"]
[SourceDate "2024.02.21"]
[SourceVersion "1"]
[SourceVersionDate "2024.02.21"]
[SourceQuality "1"]

1. d4 Nf6 2. Nf3 g6 3. c4 Bg7 4. Nc3 d6 5. Bg5 0-0 6. Qd2 Nc6 7. e4 Bg4 8. d5 Bxf3 9. Bxf6 Bxf6 10. dxc6 Bg4 11. cxb7 Rb8 12. f3 Bd7 13. Be2 Rxb7 14. 0-0 c6 15. b3 Qb6+ 16. Kh1 Qd4 17. Qxd4 Bxd4 18. Rac1 a5 19. Rfd1 Bg7 20. c5 dxc5 21. Na4 Ra7 22. Rxc5 Rb8 23. g3 Bf8 24. Kg2 e6 25. Rc2 c5 26. Nb2 a4 27. Bc4 axb3 28. Bxb3 Bb5 29. Nc4 Rd7 30. Rxd7 Bxd7 31. Rd2 Bb5 32. Kf2 Bg7 33. f4 Bd4+ 34. Kf3 Bc6 35. Nd6 Rd8 36. Nc4 f5 37. Na5 Bxe4+ 38. Ke2 Ra8 39. Bxe6+ Kg7 40. Nb3 Bc3 41. Rd1 Rxa2+ 42. Ke3 Ra3 43. Rd7+ Kf6 44. Bc4 Bb4 45. Rf7# 1-0

[Event "Swiss Queens Wed #2"]
[Site "FIDE Online Arena INT"]
[Date "2024.02.07"]
[Round "1"]
[White "Gomez Barrera, Javiera Belen"]
[Black "Shubenkova, Veronika"]
[Result "1-0"]
[WhiteElo "2217"]
[BlackElo "2007"]
[PlyCount "81"]
[EventDate "2024.02.07"]
[EventType "swiss (blitz)"]
[EventRounds "11"]
[EventCountry "NET"]
[SourceTitle "CB07_2024"]
[SourceDate "2024.02.14"]
[SourceVersion "1"]
[SourceVersionDate "2024.02.14"]
[SourceQuality "1"]

1. e4 e6 2. d4 d5 3. Nc3 Nf6 4. e5 Nfd7 5. Nce2 c5 6. c3 Nc6 7. Nf3 Be7 8. Nf4 a6 9. h4 b5 10. Ng5 Qb6 11. Be3 cxd4 12. cxd4 Bb4+ 13. Ke2 h6 14. Nf3 a5 15. g3 Ba6 16. Bh3 0-0-0 17. Kf1 Kb8 18. Kg2 Be7 19. Nd3 Rc8 20. Qd2 Nb4 21. Nfe1 Rc7 22. a3 Nc6 23. b4 a4 24. Nc5 Nxc5 25. bxc5 Qa5 26. Qb2 Rb7 27. Nd3 b4 28. Nxb4 Nxb4 29. axb4 Rxb4 30. Qc2 Rc4 31. Rhb1+ Ka8 32. Qb2 Qc7 33. Kh2 g5 34. Bf1 gxh4 35. Bxc4 hxg3+ 36. fxg3 dxc4 37. Rxa4 Qc6 38. Rba1 Ka7 39. Rxa6+ Qxa6 40. Qb6+ Ka8 41. Rxa6# 1-0

[Event "FIDE Grand Swiss (Women)"]
[Site "Douglas"]
[Date "2023.11.01"]
[Round "7"]
[White "Gomez Barrera, Javiera Belen"]
[Black "Sachdev, Tania"]
[Result "0-1"]
[WhiteElo "2266"]
[BlackElo "2389"]
[PlyCount "84"]
[EventDate "2023.10.25"]
[EventType "swiss"]
[EventRounds "11"]
[EventCountry "IOM"]
[SourceTitle "Mega2024 Update 01"]
[Source "Chessbase"]
[SourceDate "2023.11.12"]
[SourceVersion "1"]
[SourceVersionDate "2023.11.12"]
[SourceQuality "1"]

1. e4 e5 2. Nf3 Nc6 3. Bc4 Nf6 4. d3 Bc5 5. c3 d6 6. 0-0 h6 7. Re1 0-0 8. h3 a5 9. Nbd2 Bd7 10. Nf1 a4 11. Bb5 Ne7 12. Bxd7 Qxd7 13. d4 exd4 14. cxd4 Bb4 15. Re2 d5 16. e5 Ne4 17. Ng3 Nxg3 18. fxg3 Nc6 19. Qd3 a3 20. bxa3 Be7 21. Rb1 Nd8 22. Rb3 b6 23. Rc2 Ne6 24. Kh2 Ra4 25. Qf5 Rfa8 26. Rcc3 Qe8 27. Bb2 R8a6 28. Re3 Qa8 29. g4 c5 30. dxc5 bxc5 31. Rb5 R4a5 32. Rxa5 Rxa5 33. Re1 Qa6 34. Bc1 Qc4 35. g5 g6 36. Qb1 Rb5 37. Qa1 hxg5 38. Bd2 d4 39. a4 Qxa4 40. Qc1 Qxa2 41. Bxg5 Bxg5 42. Nxg5 Rb2 0-1

[Event "Comodoro Rivadavia"]
[Site "Comodoro Rivadavia"]
[Date "2023.09.16"]
[Round "7"]
[White "Gomez Barrera, Javiera Belen"]
[Black "Romero Barreto, Jaime Jose"]
[Result "1/2-1/2"]
[WhiteElo "2231"]
[BlackElo "2335"]
[PlyCount "53"]
[EventDate "2023.09.12"]
[EventType "tourn"]
[EventRounds "9"]
[EventCountry "ARG"]
[EventCategory "2"]
[SourceTitle "EXT 2024"]
[Source "ChessBase"]
[SourceDate "2023.10.10"]
[SourceVersion "1"]
[SourceVersionDate "2023.10.10"]
[SourceQuality "1"]

1. e4 e5 2. Nf3 Nc6 3. Bc4 Bc5 4. c3 Nf6 5. d3 d6 6. 0-0 0-0 7. h3 a5 8. Re1 Ba7 9. Nbd2 Be6 10. Bb5 Ne7 11. d4 exd4 12. cxd4 Ng6 13. Bd3 c6 14. Nf1 d5 15. e5 Ne4 16. N1d2 f5 17. exf6 Qxf6 18. Nxe4 dxe4 19. Bg5 Qf7 20. Bxe4 h6 21. Be3 Rad8 22. Qc2 Bf5 23. Bxf5 Qxf5 24. Qxf5 Rxf5 25. a4 Nf4 26. Bxf4 Rxf4 27. Re7 1/2-1/2

[Event "Biel HTO 56th"]
[Site "Biel"]
[Date "2023.07.23"]
[Round "6"]
[White "Akshit, Kumar J"]
[Black "Gomez Barrera, Javiera Belen"]
[Result "1/2-1/2"]
[WhiteElo "2105"]
[BlackElo "2256"]
[PlyCount "124"]
[EventDate "2023.07.17"]
[EventType "swiss"]
[EventRounds "10"]
[EventCountry "SUI"]
[SourceTitle "CBM 215 Extra"]
[Source "ChessBase"]
[SourceDate "2023.09.30"]
[SourceVersion "1"]
[SourceVersionDate "2023.09.30"]
[SourceQuality "1"]

1. e4 e5 2. Nf3 Nc6 3. Bc4 Bc5 4. c3 Nf6 5. d3 0-0 6. 0-0 d5 7. exd5 Nxd5 8. a4 Nb6 9. Bb5 Ne7 10. Nxe5 a6 11. Bc4 Bd6 12. a5 Bxe5 13. axb6 cxb6 14. Re1 Ng6 15. d4 Bxh2+ 16. Kxh2 Qc7+ 17. g3 Qxc4 18. Qh5 Bd7 19. Nd2 Qd3 20. Qf3 Qxf3 21. Nxf3 f6 22. Nh4 Nxh4 23. gxh4 Rfe8 24. Bd2 Kf7 25. Kg3 Be6 26. Re2 Bc4 27. Rxe8 Rxe8 28. Re1 Rd8 29. Bf4 Rd7 30. Bb8 Be6 31. Rd1 b5 32. Bf4 Rd5 33. Be3 Rf5 34. Rf1 Bc4 35. Rg1 Bd5 36. Kg4 Rf3 37. Rg3 f5+ 38. Kh3 Ke6 39. Rxf3 Bxf3 40. Kg3 Be4 41. Bf4 Kd5 42. f3 Bc2 43. Be5 g6 44. Kf4 Bd1 45. Ke3 Kc4 46. f4 Bc2 47. Kd2 Bb3 48. Bd6 Kd5 49. Be7 Ke4 50. Bg5 a5 51. Bh6 b4 52. cxb4 axb4 53. Bg5 Kxd4 54. Bh6 Bc4 55. Bg5 Ke4 56. Bh6 Kf3 57. Bg5 b6 58. Bh6 Kg4 59. Bg5 Kh5 60. Be7 h6 61. Bf8 Kxh4 62. Bxh6 Kg4 1/2-1/2